| 000 | 00815nam a2200253Ia 4500 | ||
|---|---|---|---|
| 003 | OSt | ||
| 005 | 20220926020314.0 | ||
| 006 | a|||||r|||| 00| 0 | ||
| 007 | ta | ||
| 008 | 220923b |||||||| |||| 00| 0 eng d | ||
| 020 |
_a9781138281332 _c1050.00 |
||
| 037 |
_b230, 09/03/2017, CLASSIC BOOKS SERVICES _cGeneral Book |
||
| 040 |
_aRTL _cRTL _beng |
||
| 041 |
_2eng _aeng |
||
| 082 | _aY:3(N), Q7 | ||
| 100 |
_aD'SOUZA Robert E _9324110 |
||
| 245 | 0 |
_aIndia's biennale effect _b A politics of contemporary art |
|
| 260 |
_aNew York _bRoutledge _c2017 |
||
| 300 |
_axiii,277p. _ccm. |
||
| 650 | _aSociology | ||
| 700 |
_a MANGHANI Sunil _9324111 |
||
| 942 |
_hY:3(N), Q7 _cGB _2CC |
||
| 999 |
_c633937 _d633937 |
||